Metodología para la redacción de informes técnicos.
| Main Author: | |
|---|---|
| Format: | Section = Libro |
| Language: | Undetermined Spanish |
| Published: |
San José, Costa Rica
EUNED
2010
|
| Subjects: |
| LEADER | 00629nam a2200205Ia 4500 | ||
|---|---|---|---|
| 008 | 240829s9999 xx 000 0 und d | ||
| 020 | |a 9977-64-919-7 | ||
| 040 | |a BIBLIOTECA-RUSB/ 651.78 P438 | ||
| 041 | |a spa | ||
| 082 | |a 651.78 P438 | ||
| 100 | 1 | |a Pazos Jiménez, Ethel | |
| 245 | 1 | 0 | |a Metodología para la redacción de informes técnicos. |
| 260 | |a San José, Costa Rica |b EUNED |c 2010 | ||
| 300 | |a 148 p. :il. | ||
| 650 | 7 | |a REDACCION DE ESCRITOS TÉCNICOS - METODOLOGIA | |
| 650 | 7 | |b REDACCION DE INFORMES - METODOLOGIA | |
| 650 | 7 | |c ESPAÑOL TÉCNICO - METODOLOGIA | |
| 942 | |c BK |2 ddc | ||
| 991 | |a TEXTO | ||
| 999 | |c 3954 | ||